[Event "COL-ch sf 2nd"]
[Site "Tunja"]
[Date "2018.04.19"]
[Round "4"]
[White "Caballero Castro, Carlos Alberto"]
[Black "Rozo, Claudia Magally"]
[Result "0-1"]
[WhiteElo "1561"]
[BlackElo "1688"]
[PlyCount "44"]
[EventDate "2018.04.17"]
[EventType "swiss"]
[EventRounds "10"]
[EventCountry "COL"]
[SourceTitle "CBM 184 Extra"]
[Source "ChessBase"]
[SourceDate "2018.06.28"]
[SourceVersion "1"]
[SourceVersionDate "2018.06.28"]
[SourceQuality "1"]

1. e4 c5 2. Nf3 d6 3. d3 Nf6 4. Nc3 e6 5. Bg5 Be7 6. Be2 Nbd7 7. Qd2 a6 8. d4 b5 9. e5 cxd4 10. Qxd4 dxe5 11. Nxe5 Nxe5 12. Qxe5 Bb7 13. Rd1 Qc8 14. Qg3 b4 15. Na4 Ne4 16. Qg4 Bxg5 17. f3 h5 18. Qxe4 Bxe4 19. Nb6 Qc7 20. Nxa8 Bxa8 21. 0-0 0-0 22. Bxa6 Qb6+ 0-1

[Event "Monteria U17"]
[Site "Monteria"]
[Date "2016.12.11"]
[Round "6.6"]
[White "Martinez Caamano, Jesus David"]
[Black "Caballero Castro, Carlos Alberto"]
[Result "1-0"]
[WhiteElo "1470"]
[BlackElo "1544"]
[PlyCount "22"]
[EventDate "2016.12.07"]
[EventType "swiss"]
[EventRounds "6"]
[EventCountry "COL"]
[SourceTitle "EXT 2024"]
[Source "ChessBase"]
[SourceDate "2023.10.10"]
[SourceVersion "1"]
[SourceVersionDate "2023.10.10"]
[SourceQuality "1"]

1. e4 c5 2. Nf3 d6 3. d4 b6 4. Be3 Nd7 5. Bb5 cxd4 6. Nxd4 Bb7 7. Nc3 e5 8. Nf5 g6 9. Nxd6+ Bxd6 10. Qxd6 Ngf6 11. Qxe5+ Kf8 1-0